|
|
|
|
| LEADER |
00980nab a2200265 i 4500 |
| 001 |
acta11021 |
| 005 |
20250618110509.0 |
| 008 |
161015s1990 hu o 000 hun d |
| 022 |
|
|
|a 0866-0980
|
| 040 |
|
|
|a SZTE Egyetemi Kiadványok Repozitórium
|b hun
|
| 041 |
|
|
|a hun
|
| 100 |
1 |
|
|a Hulme Thomas Ernest
|
| 245 |
1 |
0 |
|a Image Thomas Ernest Hulme ; Őszi köd Amy Lowell ; Metrómegálló Ezra Pound ; Haiku 1 ; Haiku 5 ; Haiku 7 ; Haiku 8 Etheridge Knight ; Ablak ; Vágyakozó Carl Sandburg
|h [elektronikus dokumentum] :
|b [versek] /
|c Hulme Thomas Ernest
|
| 260 |
|
|
|c 1990
|
| 300 |
|
|
|a 61-63
|
| 490 |
0 |
|
|a Hétvilág
|
| 650 |
|
4 |
|a Bölcsészettudományok
|
| 650 |
|
4 |
|a Nyelvek és irodalom
|
| 695 |
|
|
|a Szépirodalom - vers
|
| 700 |
0 |
1 |
|a Török Attila
|e aut
|
| 700 |
0 |
1 |
|a Lowell Amy
|e aut
|
| 700 |
0 |
1 |
|a Pound Ezra
|e aut
|
| 700 |
0 |
1 |
|a Knight Etheridge
|e aut
|
| 700 |
0 |
1 |
|a Sandburg Carl
|e aut
|
| 856 |
4 |
0 |
|u http://acta.bibl.u-szeged.hu/11021/1/hetvilag_1_061-063.pdf
|z Dokumentum-elérés
|